| 000 | 00944cam a22001691 4500 | ||
|---|---|---|---|
| 082 |
_a355.009242 _bHUB |
||
| 100 | 1 |
_aHudleston, Francis Josiah, _949280 |
|
| 245 | 1 | 0 |
_aWarriors in undress, _cby F. J. Hudleston. |
| 260 |
_aLondon, _bJ. Castle _c[1925] |
||
| 300 |
_a248 p. _c23 cm. |
||
| 505 | 0 | _aPreface.--"King Arthur" (The Duke of Wellington)--Frederick, the soldier's friend (Frederick Augustus, duke of York and Albany)--The lighter side of the Crimean war, and its heroes.--Garibaldi.--Some warriors in the American war of independence.--Washington's John Moore (Baron von Steuben)--A mysterious general.--John Shipp.--The "compleat general" of the ancients.--Maxims: moral and immoral.--The warriors' library.--The librarian in undress.--"What they fought each other for." | |
| 526 |
_a0 _b0 _c0 _d355_009242000000000_HUB |
||
| 650 | 0 |
_aGenerals. _937930 |
|
| 650 | 0 |
_aMCE _9379 |
|
| 650 | 0 |
_aMilitary biography. _948590 |
|
| 942 |
_2ddc _cBK |
||
| 999 |
_c552073 _d552073 |
||